| 000 | 00714nam a2200217 a 4500 | ||
|---|---|---|---|
| 001 | 19847 | ||
| 003 | CO-ViMGA | ||
| 008 | 141112s2004 ck r 000 u spa d | ||
| 020 | _a950124508X | ||
| 040 |
_aCO-ViMGA _bspa _cCO-ViMGA |
||
| 082 | 0 | 4 | _a658.404 N173e |
| 100 | 1 |
_aNirenberg, Olga; Brawerman, Josette; Ruiz, Violeta _928777 |
|
| 245 | 1 | 0 |
_aEvaluar para la transformación : _binnovaciones en la evaluación de programas y proyectos sociales |
| 260 |
_aBuenos Aires : _bPaidos, _c2000 |
||
| 300 | _a224 p. | ||
| 490 | _aPaidos, Tramas sociales | ||
| 590 | _aForma de adquisición : Premio Mincultura | ||
| 650 | 1 | 4 | _aEVALUACION DE PROYECTOS |
| 650 | 1 | 4 |
_aTECNICAS DE EVALUACION _928778 |
| 942 |
_2ddc _cBK |
||
| 999 |
_c28974 _d28974 |
||